Central Library OPAC University of Rajshahi

Geography of religions / (Record no. 57027)

MARC details
000 -LEADER
fixed length control field 00803nam a2200265 a 4500
001 - CONTROL NUMBER
control field 57027
003 - CONTROL NUMBER IDENTIFIER
rucl marc code BD-RjUL
005 - DATE AND TIME OF LATEST TRANSACTION
control field 20211209080448.0
008 - FIXED-LENGTH DATA ELEMENTS--GENERAL INFORMATION
fixed length control field 720131s1967 njuab b 001 0 eng
035 ## - SYSTEM CONTROL NUMBER
System control number (BD-RjUL)57151
System control number (OCoLC)231000
040 ## - CATALOGING SOURCE
Original cataloging agency DLC
Transcribing agency OSW
Modifying agency OCoLC
-- BD-RjUL
Language of cataloging eng
041 ## - LANGUAGE CODE
Language code of text/sound track or separate title eng
082 ## - DEWEY DECIMAL CLASSIFICATION NUMBER
Classification number 200.91
Edition number 23
Author mark and year SOG 1967
100 1# - MAIN ENTRY--PERSONAL NAME
Personal name Sopher, David Edward.
9 (RLIN) 169440
245 10 - TITLE STATEMENT
Title Geography of religions /
Statement of responsibility, etc. David E. Sopher.
260 ## - PUBLICATION, DISTRIBUTION, ETC. (IMPRINT)
Place of publication, distribution, etc. Englewood Cliffs, N.J. :
Name of publisher, distributor, etc. Prentice-Hall Inc.,
Date of publication, distribution, etc. c1967.
300 ## - PHYSICAL DESCRIPTION
Pagination x, 118 p. :
Illustrations ill. ;
Size 23 cm.
490 0# - SERIES STATEMENT
Series statement Foundations of cultural geography series
500 ## - GENERAL NOTE
General note Includes index
650 #0 - SUBJECT ADDED ENTRY--TOPICAL TERM
Topical term or geographic name as entry element Religion and geography.
9 (RLIN) 169441
856 ## - ELECTRONIC LOCATION AND ACCESS
Uniform Resource Identifier <a href="Foundations of cultural geography series">Foundations of cultural geography series</a>
942 ## - ADDED ENTRY ELEMENTS (KOHA)
Source of classification or shelving scheme Dewey Decimal Classification
Koha item type Books
Holdings
Lost status Source of classification or shelving scheme Damaged status Not for loan Collection code Permanent Location Current Location Shelving location Date acquired Source of acquisition Cost, normal purchase price Total Checkouts Full call number Date last seen Copy number Koha item type
  Dewey Decimal Classification   Not For Loan Non-fiction Central Library, University of Rajshahi Central Library, University of Rajshahi Reading Room 08/10/1969 Zeitlinger 20.00   200.91 SOG 1967 05/12/2016 C-1 Books